000 00939nam a22001937a 4500
005 20250724151656.0
010 _aHIN-129984
020 _c1250.00
035 _aHN-102330
037 _bDBAD
082 _a954.0533
245 _aसबका साथ सबका विकास सबका विश्वास/
_cसंपादकीय परामर्श : कंचन गुप्ता और सचिदानंद जोशी
250 _aप्रथम
260 _aनई दिल्ली
_bप्रकाशन विभाग सूचना और प्रसारण मंत्रालय भारत सरकार
270 _aसी.जी.ओ. काम्प्लेक्स, लोदी रोड
_bनई दिल्ली
_e110003
300 _a625पृ.
_c24.5सेमी (सजिल्द )
700 _983257
942 _2ddc
_cHN
_h954.0533
_mसबका
999 _c212589
_d212589